Normal view
MARC view
- Ammar Aziz
Entry Personal Name
001 - CONTROL NUMBER
- control field: 47647
003 - CONTROL NUMBER IDENTIFIER
- control field: NUST
005 - DATE AND TIME OF LATEST TRANSACTION
- control field: 20210314133856.0
008 - FIXED-LENGTH DATA ELEMENTS
- fixed length control field: 210314|| aca||aabn | a|a d
040 ## - CATALOGING SOURCE
- Original cataloging agency: NUST
- Transcribing agency: NUST
100 ## - HEADING--PERSONAL NAME
- Personal name: Ammar Aziz
670 ## - SOURCE DATA FOUND
- Source citation: Work cat.: (NUST): Ammar Aziz, Analysis of traffic congestion on rawalpindi mall road and suggesting its possible remedial measures, 2010
